Метрология, стандартизация и сертификация: электронный курс
| Автор: | |
|---|---|
| Співавтор: | |
| Резюме: | Заглавие с экрана В курсе "Метрология, стандартизация и сертификация" рассматриваются вопросы о единстве измерений и его обеспечению, о методах и средствах измерений, об основах стандартизации и сертификации изделий машиностроения и технологических процессов. Особое внимание уделяется основам взаимозаменяемости, практическому применению полученных знаний в конструировании узлов и механизмов. После изучения данной дисциплины выпускники приобретают знания базовых положений государственной системы обеспечения единства измерений, умения выполнять работы по стандартизации, технической подготовке к сертификации технических средств, оформлять проектную документацию, в том числе с использованием средств автоматизированного проектирования и опыт владения методами контроля качества изделий машиностроения. Доступ по логину и паролю |
| Мова: | Російська |
| Опубліковано: |
Томск, TPU Moodle, 2015
|
| Предмети: | |
| Онлайн доступ: | https://design.lms.tpu.ru/course/view.php?id=153 |
| Формат: | Електронний ресурс Книга |
| KOHA link: | https://koha.lib.tpu.ru/cgi-bin/koha/opac-detail.pl?biblionumber=651765 |
MARC
| LEADER | 00000nlm0a2200000 4500 | ||
|---|---|---|---|
| 001 | 651765 | ||
| 005 | 20231102025821.0 | ||
| 035 | |a (RuTPU)RU\TPU\network\17027 | ||
| 035 | |a RU\TPU\network\17025 | ||
| 090 | |a 651765 | ||
| 100 | |a 20161122d2015 m y0rusy50 ca | ||
| 101 | 0 | |a rus | |
| 102 | |a RU | ||
| 105 | |a a j 000zy | ||
| 135 | |a jrcn ---uucaa | ||
| 181 | 0 | |a i | |
| 182 | 0 | |a b | |
| 200 | 1 | |a Метрология, стандартизация и сертификация |e электронный курс |f Л. А. Пашкова |g Национальный исследовательский Томский политехнический университет (ТПУ), Юргинский технологический институт (филиал) (ЮТИ), Кафедра технологии машиностроения (ТМС) | |
| 203 | |a Текст |c электронный | ||
| 210 | |a Томск |c TPU Moodle |d 2015 | ||
| 230 | |a Электрон. дан. | ||
| 300 | |a Заглавие с экрана | ||
| 330 | |a В курсе "Метрология, стандартизация и сертификация" рассматриваются вопросы о единстве измерений и его обеспечению, о методах и средствах измерений, об основах стандартизации и сертификации изделий машиностроения и технологических процессов. Особое внимание уделяется основам взаимозаменяемости, практическому применению полученных знаний в конструировании узлов и механизмов. После изучения данной дисциплины выпускники приобретают знания базовых положений государственной системы обеспечения единства измерений, умения выполнять работы по стандартизации, технической подготовке к сертификации технических средств, оформлять проектную документацию, в том числе с использованием средств автоматизированного проектирования и опыт владения методами контроля качества изделий машиностроения. | ||
| 333 | |a Доступ по логину и паролю | ||
| 606 | 1 | |a Метрология |2 stltpush |3 (RuTPU)RU\TPU\subj\43497 |9 62988 | |
| 610 | 1 | |a электронный ресурс | |
| 610 | 1 | |a труды учёных ТПУ | |
| 610 | 1 | |a электронное обучение | |
| 610 | 1 | |a электронные курсы ТПУ | |
| 610 | 1 | |a взаимозаменяемость | |
| 610 | 1 | |a стандартизация | |
| 610 | 1 | |a сертификация | |
| 610 | 1 | |a единицы измерения | |
| 610 | 1 | |a средства измерения | |
| 610 | 1 | |a методы измерения | |
| 610 | 1 | |a посадки | |
| 610 | 1 | |a электронные учебные пособия | |
| 610 | 1 | |a учебные пособия | |
| 675 | |a 006(075.8) |v 3 | ||
| 700 | 1 | |a Пашкова |b Л. А. |c доцент, кандидат технических наук |c Юргинский технологический институт (филиал) Томского политехнического университета |g Людмила Александровна |2 stltpush |3 (RuTPU)RU\TPU\pers\24494 |9 10817 | |
| 712 | 0 | 2 | |a Национальный исследовательский Томский политехнический университет (ТПУ) |b Юргинский технологический институт (филиал) (ЮТИ) |b Кафедра технологии машиностроения (ТМС) |h 356 |2 stltpush |3 (RuTPU)RU\TPU\col\18902 |
| 801 | 2 | |a RU |b 63413507 |c 20220125 |g RCR | |
| 856 | 4 | |u https://design.lms.tpu.ru/course/view.php?id=153 | |
| 942 | |c CF | ||